Представление документа в формате RUSMARC

ПолеНазваниеЗначение
  Тип записи a
  Библиографический уровень m
001 Контрольный номер RU/SLIB/B/208712665
005 Дата корректировки 20201206203916.2
010 Индекс ISBN __
d Цена 5-00
101 Язык документа __
a Язык текста rus
c Язык оригинала ger
200 Заглавие и сведения об ответственности 0_
a Заглавие Das Wunderboot
f Первые сведения об ответственности G. Snegirjow
b Общее обозначение материала Текст
210 Выходные данные __
a Место издания M.
c Издательство Raduga-Verlag
d Дата издания 1972
215 Физическое описание __
a Объем 161 с.
300 Общие примечания __
a Общие примечания Текст на нем. яз.
517 Другие варианты заглавия __
a Другие варианты заглавия Обитаемый остров
606 Тематические рубрики __
a Основная рубрика Художественная литература
z Хронологическая подрубрика 20 в.
y Географическая подрубрика Россия
606 Тематические рубрики __
a Основная рубрика Русская литература XX в. (произведения)
610 Ключевые слова __
a Ключевые слова проза; немецкий язык
686 Индексы других классификаций __
a Классификационный индекс 84(2Рос=Рус)6-4
700 Автор _1
a Фамилия Snegirjow
b Имя G.
4 Код отношения 070
801 Источник записи _0
a Страна RU
b Организация Муниципальное бюджетное учреждение культуры "Централизованная библиотечная система" г. Сургут (Центральная городская библиотека им. А. С. Пушкина)
g Правила каталогизации ОБ/Тесленко
801 Источник записи _1
a Страна RU
b Организация Муниципальное бюджетное учреждение культуры "Централизованная библиотечная система" г. Сургут (Центральная городская библиотека им. А. С. Пушкина)
g Правила каталогизации ОБ/Тесленко
852 Данные о местонахождении __
j Шифр хранения 84(2Рос=Рус)6-4
c Каталожный индекс 84(2Рос=Рус)6-4
i Авторский знак S 69
901 Тип документа __
t Тип документа m
903 Характеристики (МАРС) __
a Дата передачи 20010114
990 Данные о заказе (DOS) 00
j Количество экземпляров (DOS) 1
t N записи в КСУ для И/У (DOS) 200101